Computer Security : Principles & Practice (Record no. 15409)
[ view plain ]
| 000 -LEADER | |
|---|---|
| fixed length control field | 00407nam a2200157Ia 4500 |
| 008 - FIXED-LENGTH DATA ELEMENTS--GENERAL INFORMATION | |
| fixed length control field | 221030s9999 xx 000 0 und d |
| 020 ## - INTERNATIONAL STANDARD BOOK NUMBER | |
| ISBN | 8131733516 |
| 041 ## - LANGUAGE CODE | |
| Language code of text/sound track or separate title | |
| 100 ## - MAIN ENTRY--AUTHOR NAME | |
| Personal name | W. Stallings |
| 245 #0 - TITLE STATEMENT | |
| Title | Computer Security : Principles & Practice |
| Statement of responsibility, etc | by W. Stallings, L. Brown |
| 260 ## - PUBLICATION, DISTRIBUTION, ETC. (IMPRINT) | |
| Name of publisher | Pearson Edcuation |
| Place of publication | New Delhi |
| Year of publication | 2010 |
| 300 ## - PHYSICAL DESCRIPTION | |
| Number of Pages | 798 |
| 650 ## - SUBJECT ADDED ENTRY--TOPICAL TERM | |
| Topical Term | IT |
| 700 ## - ADDED ENTRY--PERSONAL NAME | |
| Personal name | L. Brown |
| 942 ## - ADDED ENTRY ELEMENTS (KOHA) | |
| Koha item type | Books |
| Accession Number | Cost, normal purchase price | Bill Date | Source of acquisition | Price effective from | Koha item type | Withdrawn / writtenoff status | Materials specified (bound volume or other part) | Damaged status | Not for loan | Permanent Location | Current Location | Shelving location | Date acquired | Lost/ Missing status | department |
|---|---|---|---|---|---|---|---|---|---|---|---|---|---|---|---|
| BE 13826 | 775.00 | 10990 | RKB | 10/30/2022 | Books | Not For Loan | MIET Library, Jammu | MIET Library, Jammu | BL-Academic Block B, FL-2, CUP-168, SH-4, R-4 | 11/01/2014 | BE | ||||
| BE 13827 | 775.00 | 10990 | RKB | 10/30/2022 | Books | MIET Library, Jammu | MIET Library, Jammu | BL-Aacdemic Block B, FL-2, CUP-167, SH-1, R-1 | 11/01/2014 | BE | |||||
| BE 13828 | 775.00 | 10990 | RKB | 10/30/2022 | Books | MIET Library, Jammu | MIET Library, Jammu | BL-Academic Block B, FL-2, CUP-167, SH-1, R-1 | 11/01/2014 | BE | |||||
| BE 13829 | 775.00 | 10990 | RKB | 10/30/2022 | Books | MIET Library, Jammu | MIET Library, Jammu | BL-Aacdemic Block B, FL-2, CUP-167, SH-1, R-1 | 11/01/2014 | BE | |||||
| BE 13830 | 775.00 | 10990 | RKB | 10/30/2022 | Books | MIET Library, Jammu | MIET Library, Jammu | BL-Aacdemic Block B, FL-2, CUP-167, SH-1, R-1 | 11/01/2014 | BE |